Mecanique des fluides theorique.

Bibliographic Details
Main Author: Giqueaux, Maurice
Format: Book
Language:French
Published: Paris et Liege : C. Beranger, 1957.
Edition:2. ed., rev. et augm.
Subjects:

MARC

Tag First Indicator Second Indicator Subfields
LEADER 00000cam a2200000 4500
001 in00000023546
005 20151007064459.0
008 750915s1957 fr 00000 fre
010 |a  59026954  
035 |a (OCoLC)01625685 
035 |9 AAD9928AM 
040 |a DLC  |c GAT  |d TXA  |d UtOrBLW 
049 |a TXAM  |c [292634] 
050 0 0 |a QA911  |b .G53 1957 
092 |a 532.5  |b G514m2 
100 1 |a Giqueaux, Maurice. 
245 1 0 |a Mecanique des fluides theorique. 
250 |a 2. ed., rev. et augm.  |b avec la collaboration de Adalbert Oudart. Avec 134 figures. 
264 1 |a Paris et Liege :  |b C. Beranger,  |c 1957. 
300 |a 413 pages :  |b illustrations ;  |c 25 cm. 
336 |a text  |b txt  |2 rdacontent 
337 |a unmediated  |b n  |2 rdamedia 
338 |a volume  |b nc  |2 rdacarrier 
650 0 |a Fluid dynamics. 
999 |a MARS 
999 f f |s ef125492-91d4-39ec-812a-cd3d790439ce  |i e01ccc52-4fee-36b0-9249-709476341014  |t 0 
952 f f |p ric  |a Texas A&M University  |b Rellis Campus  |c Joint Library Facility  |d Remote Storage  |t 0  |e QA911 .G53 1957  |h Library of Congress classification  |i unmediated -- volume  |m A14800914751 
998 f f |a QA911 .G53 1957  |t 0  |l Remote Storage